| 000 | 00939cpmaa2200265 4500 | ||
|---|---|---|---|
| 001 | mm 79000533 | ||
| 003 | DLC | ||
| 005 | 20260227111632.0 | ||
| 008 | 790403|||||||||||| eng | ||
| 010 | _amm 79000533 | ||
| 040 |
_aDLC _cDLC _edacs _dDLC |
||
| 072 | 7 |
_aW _2lcmd |
|
| 100 | 1 |
_aClifford, Nathan, _d1803-1881. |
|
| 245 | 0 | 0 |
_aNathan Clifford signature, _fundated. |
| 300 |
_a1 _fitem. |
||
| 506 | 0 | _aOpen to research. | |
| 545 | 0 | _aJurist, U.S. representative from Maine, and U.S. attorney general. | |
| 546 | _aCollection material in English. | ||
| 580 | _aForms part of: Miscellaneous Manuscripts collection. | ||
| 656 | 7 |
_aCabinet officers. _2itoamc |
|
| 656 | 7 |
_aJurists. _2itoamc |
|
| 656 | 7 |
_aRepresentatives, U.S. Congress _zMaine. _2itoamc |
|
| 999 |
_c40461 _d40461 |
||